Материалы к изучению фауны девонских отложений в Мугоджарских горах: дипломная работа

Podrobná bibliografie
Hlavní autor: Нифантов А. П.
Shrnutí:Из Палеонтологического Кабинета Томского Технологического Института
Текст в русской дореформенной орфографии
Jazyk:ruština
Vydáno: Томск, Типо-литография Сибирского Т-ва Печатного Дела, 1910
Edice:Известия Томского Технологического Института Т. 21, № 1
Témata:
Médium: Kniha
KOHA link:https://koha.lib.tpu.ru/cgi-bin/koha/opac-detail.pl?biblionumber=197323

MARC

LEADER 00000nam0a2200000 4500
001 197323
005 20231101224740.0
035 |a (RuTPU)RU\TPU\book\215229 
090 |a 197323 
100 |a 20110609d1910 k y0rusy50 ca 
101 0 |a rus 
102 |a RU 
105 |a f z 000zy 
200 1 |a Материалы к изучению фауны девонских отложений в Мугоджарских горах  |e дипломная работа  |f А. П. Нифантов 
210 |a Томск  |c Типо-литография Сибирского Т-ва Печатного Дела  |d 1910 
215 |a 36, [6] с.  |c 3 табл. фот. 
225 1 |a Известия Томского Технологического Института  |v Т. 21, № 1 
300 |a Из Палеонтологического Кабинета Томского Технологического Института 
300 |a Текст в русской дореформенной орфографии 
316 |5 63413507: ШкА/469  |a Владельческий переплет ТТИ 
317 |5 63413507: ШкА/469  |a Поступила в 1911 г. в дар от автора 
600 1 |a Янишевский  |b М. Э.  |c российский палеонтолог  |c профессор Томского технологического института  |f 1871-1949  |g Михаил Эрастович  |y Томск  |x TPU  |2 stltpush  |3 (RuTPU)RU\TPU\pers\13868 
606 1 |a Палеонтология  |2 stltpush  |3 (RuTPU)RU\TPU\subj\47998  |9 66880 
610 1 |a труды учёных ТПУ 
610 1 |a дары автора 
610 1 |a коллекция ТПУ 
610 1 |a фауна 
610 1 |a палеонтологические исследования 
610 1 |a палеонтологические данные 
675 |a 56  |v 3 
700 1 |a Нифантов  |b А. П. 
801 1 |a RU  |b 63413507  |c 20110609 
801 2 |a RU  |b 63413507  |c 20191220  |g RCR 
942 |c BK